| Tag |
First Indicator |
Second Indicator |
Subfields |
| LEADER |
00000cam a2200000 a 4500 |
| 001 |
in00000017520 |
| 005 |
20151007053601.0 |
| 007 |
he bmb||||||| |
| 008 |
880511r19881987oru bb 00010 eng d |
| 035 |
|
|
|a (OCoLC)17937337
|
| 035 |
|
|
|9 AAB2156AM
|
| 040 |
|
|
|a ORU
|c XBM
|d XBM
|d HPE
|d TXA
|d UtOrBLW
|
| 049 |
|
|
|a TXAI
|
| 099 |
|
|
|a fiche
|a C
|a 10609
|
| 100 |
1 |
|
|a Oussaty, Janet Mary.
|
| 245 |
1 |
0 |
|a Development as transcendence :
|b an examination of a phenomenological perspective of how individuals and their movement change over time /
|c by Janet Mary Oussaty.
|
| 264 |
|
1 |
|a [Place of publication not identified] :
|b [publisher not identified] ;
|c 1987.
|
| 300 |
|
|
|a ix, 130 leaves.
|
| 336 |
|
|
|a text
|b txt
|2 rdacontent
|
| 337 |
|
|
|a microform
|b h
|2 rdamedia
|
| 338 |
|
|
|a microfiche
|b he
|2 rdacarrier
|
| 502 |
|
|
|b Ed. D.
|c University of North Carolina at Greensboro
|d 1987.
|
| 504 |
|
|
|a Bibliography: leaves 122-130.
|
| 533 |
|
|
|a Microfiche.
|b Eugene :
|c Microform Publications, College of Human Development and Performance, University of Oregon,
|d 1988.
|e 2 microfiches : negative ; 11 x 15 cm.
|
| 500 |
|
|
|a Microform.
|
| 650 |
|
0 |
|a Movement, Psychology of.
|
| 650 |
|
0 |
|a Physical education and training
|x Philosophy.
|
| 650 |
|
0 |
|a Transcendence (Philosophy)
|
| 999 |
|
|
|a MARS
|
| 999 |
f |
f |
|s 74fc7238-db84-31a6-9268-f92261a457a2
|i 802b459c-b38f-3857-95e3-0a42e56e3fb5
|t 0
|
| 952 |
f |
f |
|p default
|a Texas A&M University
|b College Station
|c Sterling C. Evans Library
|d Evans: Microforms (3rd floor)
|t 0
|e fiche C 10609
|h Other scheme
|i microform -- microfiche
|
| 998 |
f |
f |
|a fiche C 10609
|t 0
|l Evans: Microforms (3rd floor)
|